Canadian Geography by Letter - K - Statistics

General Stats
  • This quiz has been taken 15 times
  • The average score is 6 of 15
Answer Stats
Hint Answer % Correct
Origin of the name 'Canada' and the name of an Ottawa suburb Kanata
79%
Third largest metropolitan area in British Columbia, located in the Okanagan Kelowna
79%
Tributary of the Yukon River which gave its name to a gold rush in the 1890s {Klondike} River
79%
South-central city in British Columbia at the confluence of two branches of the Thompson River Kamloops
71%
Name of cities/communities in 5 provinces, the largest in Ontario known as the Limestone City Kingston
57%
Region of southeastern British Columbia named after the Kunetai First Nations people Kootenays
57%
Small city in western Ontario originally named Rat Portage Kenora
36%
Multicultural community in the heart of Toronto {Kensington} Market
36%
District created in 1876. Was located west of Hudson Bay District of {Keewatin}
29%
National park in Nova Scotia affectionately called 'Keji' by the locals Kejimkujik
29%
River in Alberta home to an annual whitewater festival {Kananaskis} River
14%
National park on New Brunswick's Acadian Coast Kouchibouguac
14%
Territorial park reserve on Baffin Island. Means place of waterfalls {Katannilik} Territorial Park
7%
Recreational lake in Saskatchewan’s Qu’appelle Valley {Katepwa} Lake
7%
National park and reserve in Yukon. Home to Canada's tallest mountain {Kluane} National Park
7%
No matching quizzes found
Score Distribution
Percent of People with Each Score
Percentile by Number Answered
Your Score History
You have not taken this quiz